Statistiques concernant Surnom des joueurs de foot

Cliquez ici pour prendre le quiz!

Statistiques générales

  • Ce quiz a été pris 114 fois
  • Le résultat moyen est 12 sur 22

Statistiques - réponses

SurnomJoueur% Correct
La pulgaLionel Messi
100%
Le cyborgErling Haaland
94%
La piochePaul Pogba
91%
La noisetteKylian Mbappé
80%
El matadorEdinson Cavani
74%
Le hollandais vollantJohan Cruyff
69%
El pibe de oroDiego Maradona
61%
Le divin chauveFabien Barthez
54%
El magnificoZinedine Zidane
53%
Der kaiserFranz Beckenbauer
51%
O reiPelé
49%
El choloDiego Simeone
48%
El tigreRadamel Falcao
46%
ScarfaceFranck Ribery
42%
El fideoAngel Di Maria
39%
Le cinquième BeatlesGeorge Best
39%
La joyaPaulo Dybala
37%
El phenomenoRonaldo Nazario
34%
El flacoJavier Pastore
32%
Le hollandais non-volantDennis Bergkamp
28%
Le présidentLaurent Blanc
26%
O monstroThiago Silva
25%

Distribution des résultats

Percentile par nombre de réponses

% des personnes avec chaque résultat

Votre développement - résultats

Vous n’avez pas pris ce quiz